The spectre : ... Ornamented with a frontispiece.

Bibliographic Details
Format: eBook
Language:English
Series:Eighteenth century collections online.
Online Access:Full text online

MARC

Tag First Indicator Second Indicator Subfields
LEADER 00000cam a2200000 4500
001 in00001925197
006 m | d |
007 cr |n||||||||n
008 791208s1789 enk|||| s 00||||eng d
005 20260414173405.3
035 |a (CStRLIN)ESTCT71903 
040 |a Uk-ES  |c Uk-ES  |d CStRLIN  |d Thomson Gale  |d UtOrBLW 
245 0 4 |a The spectre :  |b ... Ornamented with a frontispiece. 
264 3 |a London :  |b printed for John Stockdale,  |c 1789. 
300 |a 2 volumes,plate ;  |c 8⁰. 
336 |a text  |b txt  |2 rdacontent 
337 |a computer  |b c  |2 rdamedia 
338 |a online resource  |b cr  |2 rdacarrier 
500 |a A novel. 
500 |a With 4 leaves of advertisements at the end of the second volume. 
500 |a Reproduction of original from the British Library. 
510 4 |a English Short Title Catalog,  |c ESTCT71903. 
533 |a Electronic reproduction.  |b Farmington Hills, Mich. :  |c Thomson Gale,  |d 2003.  |n Available via the World Wide Web.  |n Access limited by licensing agreements  |7 s2003 miunns 
500 |a Electronic resource. 
830 0 |a Eighteenth century collections online. 
856 4 0 |u http://proxy.library.tamu.edu/login?url=https://galenet.galegroup.com/servlet/ECCO?c=1&stp=Author&ste=11&af=BN&ae=T071903&tiPG=1&dd=0&dc=flc&docNum=CW112015398&vrsn=1.0&srchtp=a&d4=0.33&n=10&SU=0LRK&locID=txshracd2898  |z Full text online  |t 0 
999 |a MARS 
999 f f |s 5276367b-1167-3830-b8de-e1cfc9e18904  |i 9a652c09-1337-3f61-b4a6-8c7ae96d4b52  |t 0 
952 f f |a Texas A&M University  |b College Station  |c Electronic Resources  |s www_evans  |d Available Online  |t 0  |h No information provided 
998 f f |t 0  |l Available Online